Housing Improvement Task Force (Record no. 73969)
[ view plain ]
| 000 -LEADER | |
|---|---|
| fixed length control field | 01415cam a2200229 4500 |
| 001 - CONTROL NUMBER | |
| control field | ABS67345 |
| 008 - FIXED-LENGTH DATA ELEMENTS--GENERAL INFORMATION | |
| fixed length control field | 031218n2003 000 0 eng u |
| 035 ## - SYSTEM CONTROL NUMBER | |
| System control number | (Sirsi) u124644 |
| 100 ## - MAIN ENTRY--PERSONAL NAME | |
| Personal name | Lewin, L. |
| 245 ## - TITLE STATEMENT | |
| Title | Housing Improvement Task Force |
| 260 ## - PUBLICATION, DISTRIBUTION, ETC. | |
| Date of publication, distribution, etc. | 2003 |
| 490 ## - SERIES STATEMENT | |
| Series statement | Journal of the Law Society of Scotland |
| Volume/sequential designation | 48(11) November 2003, 60(1) |
| 520 ## - SUMMARY, ETC. | |
| Summary, etc. | Describes the progress made by the Housing Improvement Task Force (HITF) Single Survey Steering Group in respect of the single survey pilot project which will take place in four areas of Scotland in 2004. States the objective of the pilot project, its duration, the criteria for selecting the pilot localities and the property types included and excluded. Reports that, although it was agreed that the proposed purchaser's information pack should be piloted, it should be piloted separately to the single survey. Notes that the design of the single survey report would be undertaken by RICS and that RICS'concerns about professional indemnity insurance issues should be addressed. A hidden defects guarantee should be included in the survey pilot. |
| 590 ## - LOCAL NOTE (RLIN) | |
| Local note | ABS |
| 650 ## - SUBJECT ADDED ENTRY--TOPICAL TERM | |
| Topical term or geographic name entry element | HIDDEN DEFECTS GUARANTEES |
| 650 ## - SUBJECT ADDED ENTRY--TOPICAL TERM | |
| Topical term or geographic name entry element | PROFESSIONAL INDEMNITY INSURANCE |
| 650 ## - SUBJECT ADDED ENTRY--TOPICAL TERM | |
| Topical term or geographic name entry element | SINGLE SURVEY REPORTS |
| 650 ## - SUBJECT ADDED ENTRY--TOPICAL TERM | |
| Topical term or geographic name entry element | PURCHASERS' INFORMATION PACKS |
| 650 ## - SUBJECT ADDED ENTRY--TOPICAL TERM | |
| Topical term or geographic name entry element | SCOTLAND |
| 690 ## - LOCAL SUBJECT ADDED ENTRY--TOPICAL TERM (OCLC, RLIN) | |
| Topical term or geographic name as entry element | PROPERTY-RESIDENTIAL PROPERTY-RESIDENTIAL PROPERTY MARKET |
| 942 ## - ADDED ENTRY ELEMENTS (KOHA) | |
| Suppress in OPAC | 0 |
| Withdrawn status | Lost status | Source of classification or shelving scheme | Damaged status | Not for loan | Home library | Current library | Shelving location | Date acquired | Total Checkouts | Full call number | Barcode | Date last seen | Copy number | Price effective from | Koha item type |
|---|---|---|---|---|---|---|---|---|---|---|---|---|---|---|---|
| Dewey Decimal Classification | London | London | Journal article | 18/12/2003 | ABS67345 | 124644-1001 | 06/08/2019 | 1 | 06/08/2019 | Journal article |